Introduction to general relativity / (Record no. 28804)

MARC details
000 -LEADER
fixed length control field 00746nam a2200265Ia 4500
003 - CONTROL NUMBER IDENTIFIER
control field OSt
005 - DATE AND TIME OF LATEST TRANSACTION
control field 20230721162054.0
008 - FIXED-LENGTH DATA ELEMENTS--GENERAL INFORMATION
fixed length control field 210323s9999||||xx |||||||||||||| ||und||
040 ## - CATALOGING SOURCE
Transcribing agency STCPL
041 ## - LANGUAGE CODE
Language code of text/sound track or separate title English
082 ## - DEWEY DECIMAL CLASSIFICATION NUMBER
Classification number 530.11
Item number RON-I
100 ## - MAIN ENTRY--PERSONAL NAME
Personal name Adler, Ronald
100 ## - MAIN ENTRY--PERSONAL NAME
Personal name Bazin, Maurice
100 ## - MAIN ENTRY--PERSONAL NAME
Personal name Schiffer, Menahem
245 #0 - TITLE STATEMENT
Title Introduction to general relativity /
Statement of responsibility, etc. by Ronald Adler, Maurice Bazin and Menahem Schiffer
250 ## - EDITION STATEMENT
Edition statement 2nd ed.
260 ## - PUBLICATION, DISTRIBUTION, ETC.
Place of publication, distribution, etc. Tokyo :
Name of publisher, distributor, etc. Mcgraw Hill Kogakusha,Ltd ,
Date of publication, distribution, etc. 1975 .
300 ## - PHYSICAL DESCRIPTION
Extent 549 p.
Other physical details Paper Back
490 ## - SERIES STATEMENT
Series statement International series in pure and applied physics /
650 ## - SUBJECT ADDED ENTRY--TOPICAL TERM
Topical term or geographic name entry element Tensor analysis
650 ## - SUBJECT ADDED ENTRY--TOPICAL TERM
Topical term or geographic name entry element Cosmological models
650 ## - SUBJECT ADDED ENTRY--TOPICAL TERM
Topical term or geographic name entry element Tensor algebra
942 ## - ADDED ENTRY ELEMENTS (KOHA)
Koha item type Books
942 ## - ADDED ENTRY ELEMENTS (KOHA)
Source of classification or shelving scheme Dewey Decimal Classification
Holdings
Withdrawn status Lost status Source of classification or shelving scheme Damaged status Collection code Not for loan Home library Current library Shelving location Date acquired Cost, normal purchase price Total Checkouts Full call number Barcode Date last seen Price effective from Koha item type
    Dewey Decimal Classification   Physics   ST. THOMAS COLLEGE LIBRARY, PALAI ST. THOMAS COLLEGE LIBRARY, PALAI Physics 2021-07-10 32.50   530.11 RON-I 40948 2021-07-10 2021-07-10 Books
Rights reserved ©2021 ST. THOMAS COLLEGE LIBRARY
A joint venture of - St. Thomas College Library and
Department of Computer Science, St. Thomas Collge Palai